10 najzimniejszych państw Europy - Statystyki

Ogólne statystyki
  • Ten quiz został rozwiązany 249 razy
  • Średni wynik to 9 z 10
Statystyki odpowiedzi
° C Państwo % Poprawnych
2,6 Finlandia
99%
2,7 Norwegia
99%
-3,8 Rosja
99%
3,4 Szwecja
99%
2,3 Islandia
97%
6,4 Estonia
95%
7,3 Litwa
94%
6,9 Łotwa
94%
7,3 Białoruś
83%
6,9 Szwajcaria
49%
Nie znaleziono quizów pasujących do podanych kryteriów
Rozkład punktacji
Procent ludzi z każdym wynikiem
Percentyl według liczby udzielonych odpowiedzi
Twoja historia wyników
Nie rozwiązałeś tego quizu